000 00839cam a22002655a 4500
001 2454363
005 20171221130646.0
008 890602s1990 okua b 001 0 eng
020 _a9780878143351
040 _aDLC
_beng
_cDLC
_dDLC
_dEG-ScBUE
082 0 4 _a665.5
_bMCC
_222
100 1 _aMcCain, William D.,
_d1933-
_924457
245 1 4 _aThe properties of petroleum fluids /
_cWilliam D. McCain.
246 3 0 _aPetroleum fluids
250 _a2nd ed.
260 _aTulsa, Okla. :
_bPennWell Books,
_cc.1990.
300 _axli, 548 p. :
_bill. ;
_c24 cm.
504 _aIncludes bibliographical references and index.
650 7 _aPetroleum.
_2BUEsh
_924458
650 7 _aNatural gas.
_2BUEsh
_924459
650 7 _aOil reservoir engineering.
_2BUEsh
_924460
651 _2BUEsh
653 _bENGPET
_cMay2011
_cDecember2017
942 _2ddc
999 _c15475
_d15475